Personality psychology : (Record no. 83295)

MARC details
000 -LEADER
fixed length control field 00831nam a22002537a 4500
005 - DATE AND TIME OF LATEST TRANSACTION
control field 20140505113022.0
010 ## - LCCN (DPL NO)
LC control number ENG-109662
020 ## - INTERNATIONAL STANDARD BOOK NUMBER
Terms of availability 575.00
International Standard Book Number 9781259026744
020 ## - INTERNATIONAL STANDARD BOOK NUMBER
Terms of availability 575.00
International Standard Book Number 1259026744
035 ## - SYSTEM CONTROL NUMBER
System control number EN-93195
037 ## - SOURCE OF ACQUISITION
Source of stock number/acquisition DBAD/PUB
082 ## - DEWEY DECIMAL CLASSIFICATION NUMBER
Classification number 155.2
100 ## - MAIN ENTRY--PERSONAL NAME
Personal name Larsen, Randy J.
245 00 - TITLE STATEMENT
Title Personality psychology :
Statement of responsibility, etc by Randy J. Larsen, David M. Buss [and] Megha U. Deuskar
Remainder of title domains of knowlege about human nature /
250 ## - EDITION STATEMENT
Edition statement 4th ed
260 ## - PUBLICATION, DISTRIBUTION, ETC. (IMPRINT)
Place of publication, distribution, etc New Delhi
Name of publisher, distributor, etc McGraw Hill Education
Date of publication, distribution, etc 2014
270 ## - ADDRESS
Address P-24, Green Park Extn.
City New Delhi
Postal code 110016
300 ## - PHYSICAL DESCRIPTION
Extent xxvii,711p.
Dimensions 24cm(pbk)
500 ## - GENERAL NOTE
General note Includes bibliographical references and index
650 ## - SUBJECT ADDED ENTRY--TOPICAL TERM
Topical term or geographic name as entry element Personality
Form subdivision Textbooks.
700 ## - ADDED ENTRY--PERSONAL NAME
Personal name Buss, David M.
700 ## - ADDED ENTRY--PERSONAL NAME
Personal name Deuskar, Megha U.
942 ## - ADDED ENTRY ELEMENTS (KOHA)
Source of classification or shelving scheme Dewey Decimal Classification
Item type English Books
Call number suffix LAR
Classification part 155.2
Holdings
Withdrawn status Lost status Not for loan Collection code Home library Current library Date acquired Source of acquisition Cost, normal purchase price Full call number Barcode Copy number Cost, replacement price Koha item type
    Not For Loan Non-fiction D.B.Act.Division D.B.Act.Division 04/04/2014 DBAD/PUB 575.00 155.2 LAR EN-93195 1 575.00 English Books

© Delhi Public Library
Hit Counter
free hit counter